National Anthem of Singapore (Malay) - Majulah Singapura - Statistics

General Stats
  • This quiz has been taken 6 times
  • The average score is 35 of 43
Answer Stats
Lyrics % Correct
kita
100%
kita
100%
kita
100%
kita
100%
kita
100%
kita
100%
Mari
100%
Sama-
100%
sama
100%
bahagia
83%
baru
83%
baru
83%
Berjaya
83%
berseru
83%
berseru
83%
Cita-
83%
cita
83%
Majulah
83%
Majulah
83%
Majulah
83%
Majulah
83%
mulia
83%
rakyat
83%
Semua
83%
Semua
83%
Singapura
83%
Singapura
83%
Singapura
83%
Singapura
83%
Singapura
83%
yang
83%
yang
83%
yang
83%
bersatu
67%
bersatu
67%
Dengan
67%
Dengan
67%
Marilah
67%
Marilah
67%
menuju
67%
semangat
50%
semangat
50%
Sinapura
0%
No matching quizzes found
Score Distribution
Percent of People with Each Score
Percentile by Number Answered
Your Score History
You have not taken this quiz